00544nam a22001697a 450000500170000001000150001702000260003203500140005803700130007208200160008524500790010126000380018027000620021830000250028050000500030570000190035520170724165655.0 aENG-119310 a9788193340851c950.00 aEN-102842 bDBAD/PUB a327.5105491 aChina, Pakistan and Russia : ba dangerous axis /cedited by Arindhan Sahi aGaziabad bKanhya Publisherc2017 aRTB 158 Royal Tower,Shipra SuncitybGaziabad (UP)e201010 avii,288p.c23cm(pbk) aIncludes bibliographical references and index a Sahi,Arindhan